Christian life & witness course (Record no. 130)
[ view plain ]
| 000 -LEADER | |
|---|---|
| fixed length control field | 01094nim a2200301Ia 4500 |
| 001 - CONTROL NUMBER | |
| control field | 21405243 |
| 003 - CONTROL NUMBER IDENTIFIER | |
| control field | OSt |
| 005 - DATE AND TIME OF LATEST TRANSACTION | |
| control field | 20180807200523.0 |
| 007 - PHYSICAL DESCRIPTION FIXED FIELD--GENERAL INFORMATION | |
| fixed length control field | ss-lmnjlc----- |
| 008 - FIXED-LENGTH DATA ELEMENTS--GENERAL INFORMATION | |
| fixed length control field | 900420s1973 mnunnn r l eng d |
| 035 ## - SYSTEM CONTROL NUMBER | |
| System control number | tcgc179988 |
| 040 ## - CATALOGING SOURCE | |
| Original cataloging agency | ITC |
| Transcribing agency | ITC |
| Modifying agency | TSM |
| 082 ## - DEWEY DECIMAL CLASSIFICATION NUMBER | |
| Classification number | 242,2 |
| Item number | R569C |
| 090 ## - LOCALLY ASSIGNED LC-TYPE CALL NUMBER (OCLC); LOCAL CALL NUMBER (RLIN) | |
| Classification number (OCLC) (R) ; Classification number, CALL (RLIN) (NR) | BV4520 |
| Local cutter number (OCLC) ; Book number/undivided call number, CALL (RLIN) | .R54 1973 |
| 100 1# - MAIN ENTRY--PERSONAL NAME | |
| Personal name | Riggs, Charlie. |
| 245 10 - TITLE STATEMENT | |
| Title | Christian life & witness course |
| Medium | [sound recording] / |
| Statement of responsibility, etc. | [by Charlie Riggs]. |
| 246 3# - VARYING FORM OF TITLE | |
| Title proper/short title | Christian life and witness course. |
| 260 ## - PUBLICATION, DISTRIBUTION, ETC. | |
| Place of publication, distribution, etc. | Minneapolis, Minn. : |
| Name of publisher, distributor, etc. | World Wide Pub., |
| Date of publication, distribution, etc. | c1973. |
| 300 ## - PHYSICAL DESCRIPTION | |
| Extent | 4 sound cassettes (ca. 240 min.) : |
| Other physical details | analog. |
| 500 ## - GENERAL NOTE | |
| General note | Speaker's name from back of container. |
| 500 ## - GENERAL NOTE | |
| General note | "A ministry of the Billy Graham Association." |
| 500 ## - GENERAL NOTE | |
| General note | "Decision tape library." |
| 505 0# - FORMATTED CONTENTS NOTE | |
| Formatted contents note | Tape 1. The effective Christian life -- Tape 2. The balanced Christian life -- Tape 3. Sharing your faith -- Tape 4. Operation Andrew and follow-up. |
| 650 #0 - SUBJECT ADDED ENTRY--TOPICAL TERM | |
| Topical term or geographic name entry element | Witness bearing (Christianity) |
| 650 #0 - SUBJECT ADDED ENTRY--TOPICAL TERM | |
| Topical term or geographic name entry element | Christian life. |
| 710 2# - ADDED ENTRY--CORPORATE NAME | |
| Corporate name or jurisdiction name as entry element | Billy Graham Evangelistic Association. |
| 942 ## - ADDED ENTRY ELEMENTS (KOHA) | |
| Source of classification or shelving scheme | Dewey Decimal Classification |
| Koha item type | Books |
| Withdrawn status | Lost status | Source of classification or shelving scheme | Damaged status | Not for loan | Collection code | Home library | Current library | Date acquired | Total Checkouts | Full call number | Barcode | Date last seen | Price effective from | Koha item type |
|---|---|---|---|---|---|---|---|---|---|---|---|---|---|---|
| Dewey Decimal Classification | Non-fiction | Harvest Mission College | Harvest Mission College | 07.08.2018 | 242,2 R569C | 000867 | 07.08.2018 | 07.08.2018 | Books |
